000 00642nam a2200217 i 4500
001 23283
003 ES-MaACL
005 20251012063038.0
007 t|
008 021210s1972 sp ||||1| spa d
100 1 _aÁlvarez, Jesús,
_d1907-1996
_920643
245 1 0 _aJudios y cristianos ante la historia /
_cJesús Alvarez.
250 _a[1ª ed.].
260 _aMadrid :
_bAguilar,
_c[1972]
300 _a377 p. ;
_c21 cm.
490 1 _aColección Ensayistas
650 4 _aCristianismo y judaísmo.
_911435
830 0 _aColección Ensayistas
_9229031
852 _aES-MaACL
_jC-43358
_bR.82557
999 _c23283
_d23283